Feid Charting Songs (Billboard Hot 100) - Statistics

General Stats
  • This quiz has been taken 120 times
    28 since last reset
  • The average score is 6 of 7
Answer Stats
Album Weeks On Peak Artist(s) Song % Correct
nadie sabe lo que va a pasar mañana 20 Weeks #20 Bad Bunny & Feid PERRO NEGRO
96%
Non-Album Single 1 Week #62 Karol G, Feid & DFZM ft. Ovy On The Drums, J Balvin, Maluma, Ryan Castro & Blessd +57
87%
Resistencia 17 Weeks #71 Yandel & Feid Yandel 150
87%
Non-Album Single 1 Week #99 Feid & Young Miko Classy 101
83%
OzuTochi 4 Weeks #85 Ozuna ft. Feid Hey Mor
78%
Tropicoqueta 1 Week #96 Karol G & Feid Verano Rosa
70%
Cosa Nuestra 1 Week #88 Rauw Alejandro & Feid Revolu
65%
No matching quizzes found
Score Distribution
Percent of People with Each Score
Percentile by Number Answered
Your Score History
You have not taken this quiz since the last reset